|
|
|
|
| LEADER |
00656 a2200157 4500 |
| 008 |
170404b xxu||||| |||| 00| 0 eng d |
| 999 |
|
|
|c 113630
|d 113630
|
| 020 |
|
|
|a 9788125048831
|
| 082 |
|
|
|a 320.80954
|
| 245 |
|
|
|a Decentralisation and local governments:
|b Readings on the economy, polity and society /
|c edited by Ragunandan T R.
|
| 260 |
|
|
|b Orient Black Swan,
|c 2015.
|a Hyderabad:
|
| 300 |
|
|
|a xii, 432p,
|c 24 cm.
|
| 650 |
|
|
|a Decentralization in government
|
| 700 |
|
|
|a Ragunandan, T R.
|e editor
|
| 942 |
|
|
|2 ddc
|c BK
|
| 952 |
|
|
|0 0
|1 0
|4 0
|6 320_809540000000000_DEC
|7 0
|9 120830
|a UL
|b UL
|c ST1
|d 2017-03-17
|e 176
|g 535.15
|l 1
|o 320.80954 DEC
|p 95527
|r 2019-10-18
|s 2019-09-30
|v 695.00
|y BK
|